Inside Famous Landmarks Quiz Stats

 Plays Quiz Updated May 11, 2015

Also try: Lego Landmarks
Challenge
Share
Tweet
Score 0/20 Timer 06:00
1 Play Today
% Correct
White House
99.1%
Lincoln Memorial
82.6%
Louvre
72.7%
Sistine Chapel
66.2%
Grand Central Terminal
63.1%
United Nations HQ
52%
Sydney Opera House
50.4%
Versailles
49.4%
Palace of Westminster
46.4%
Cathédrale Notre-Dame de Paris
44.6%
% Correct
U.S. Capitol
44.3%
Statue of Liberty
38.7%
Guggenheim Museum
33.9%
Taj Mahal
33.4%
Pantheon
31.4%
Sagrada Família
24.6%
Hagia Sophia
21.3%
Carnegie Hall
16.4%
Reichstag
11.2%
Uffizi
9.8%

You're not logged in!

Compare scores with friends on all Sporcle quizzes.
Join for Free
OR
Log In

You Might Also Like...

Show Comments

Extras

Top Quizzes Today


Score Distribution

Your Account Isn't Verified!

In order to create a playlist on Sporcle, you need to verify the email address you used during registration. Go to your Sporcle Settings to finish the process.

Report this User

Report this user for behavior that violates our Community Guidelines.

Details: